[Event "Landesliga Nord 0102"]
[Site "Bayern"]
[Date "2001.11.25"]
[Round "3.8"]
[White "Reinhard, Juergen"]
[Black "Kistner, Werner"]
[Result "1/2-1/2"]
[WhiteElo "1870"]
[BlackElo "1740"]
[PlyCount "58"]
[EventDate "2001.10.07"]
[EventType "team"]
[EventRounds "9"]
[EventCountry "GER"]
[SourceTitle "EXT 2003"]
[Source "ChessBase"]
[SourceDate "2002.11.25"]
[SourceVersion "1"]
[SourceVersionDate "2002.11.25"]
[SourceQuality "1"]
[WhiteTeam "Dettingen"]
[BlackTeam "Burgsinn"]
[WhiteTeamCountry "GER"]
[BlackTeamCountry "GER"]

1. e4 e5 2. Nf3 Nc6 3. d4 exd4 4. Nxd4 d6 5. Nxc6 bxc6 6. Bc4 Nf6 7. e5 Nd7 8. Bxf7+ Kxf7 9. Qf3+ Kg8 10. Qxc6 Nb6 11. Be3 Qd7 12. Qc3 dxe5 13. Nd2 Bd6 14. 0-0-0 Bb7 15. Nf3 Bxf3 16. gxf3 Rf8 17. Rhg1 Rxf3 18. Rg2 Qf7 19. Rdg1 g6 20. Qc6 Kg7 21. h4 Rf5 22. Qe4 Rf8 23. Kb1 Qd5 24. Qg4 Qc4 25. Qh3 Rf3 26. Qh1 R3f6 27. h5 Kf7 28. hxg6+ hxg6 29. Qh7+ Ke8 1/2-1/2